000 00457 a2200157 4500
999 _c8925
_d8925
020 _a9781143052828
050 _aBS 2330 DOD 1891
100 _aDods, M.
_d1834-1909
_eauthor
245 _aAn introduction to the new testament /
_cMarcus Dods
264 _aLondon :
_bHodder and Stoughton
_c1891
300 _avi, 247p.
440 _aTheological educator
500 _aIncludes footnotes
650 _aBible New Testament
942 _2lcc
_cBK
_h2330
_iDOD
_kBS